000 00714nam a2200229 a 4500
999 _c12049
_d12049
001 12049
003 BD-JhCC
005 20220512134022.0
008 210309b2018 bg a|||| ||a| 000 0 ben d
020 _a9789849315131
035 _a(BD-JhCC)12049
040 _aBD-JhCC
_dBD-JhCC
041 _abengali
082 _a891.4435
_bMOH 2018
100 _aমহন্ত,লিটন
245 _aপিঁপড়া বিজ্ঞানী পিঁপঁলু /
_cলিটন মহন্ত ।
260 _aঢাকা:
_bশিশু প্রকাশ;
_c২০১৮.
300 _a96 p. :
_bill;
_c22 cm.
650 _a Short stories, Bangali
_zBangladesh
942 _2ddc
_cBK
_05